Got Milk Celebrities Quiz Stats

 Plays Quiz Updated Aug 4, 2017

Support Sporcle.
Go Orange.
Score 0/24 Timer 06:00
1 Play Today
% Correct
Austin Powers
87.6%
Taylor Swift
86.3%
Dr. Phil McGraw
85.6%
David Beckham
83.6%
Rihanna
79.6%
Miley Cyrus
78.4%
Wolverine
78.2%
Martha Stewart
74.7%
Tyra Banks
74.5%
Serena Williams
73.3%
Kelly Clarkson
64.9%
Spike Lee
60.8%
% Correct
Heidi Klum
59.5%
Danica Patrick
50.7%
Michelle Kwan
45.3%
Michael Strahan
41.2%
Glenn Close
40.7%
Brooke Shields
39.9%
Dwight Howard
38.2%
Steve Nash
37.6%
Meredith Vieira
37.4%
Ben Roethlisberger
34.3%
Christie Brinkley
33.7%
Pete Sampras
22.3%

From the Vault

Just L & B

by caramba

L and B have got a lot of nerve excluding all the other consonants like that.
Remove Ads.
Support Sporcle.
Get the best of Sporcle when you Go Orange. This ad-free experience offers more features, more stats, and more fun while also helping to support Sporcle. Thank you for becoming a member.

Show Comments

Extras

Top Quizzes Today


Score Distribution

Your Account Isn't Verified!

In order to create a playlist on Sporcle, you need to verify the email address you used during registration. Go to your Sporcle Settings to finish the process.

Report this User

Report this user for behavior that violates our Community Guidelines.

Details: